Harry Potter multiple choice quiz - Statistics

General Stats
  • This quiz has been taken 128 times
  • The average score is 13 of 15
Answer Stats
Question Answer % Correct
What is the name of Harry's owl? Hedwig
96%
Which platform at Kings Cross Station do Hogwarts' pupils use to access the Hogwarts Express? Platform 9 3/4
96%
Who is Harry Potter's best friend? Ron Weasley
96%
What is the spell used to disarm someone? Expelliarmus
94%
What spell would you use to light the tip of your wand? Lumos
94%
What animal could Peter Pettigrew turn into? Rat
92%
Who is the Potions master at Hogwarts? Severus Snape
92%
Who killed Sirius Black? Bellatrix Lestrange
90%
What position did Harry play at Quidditch? Seeker
90%
What was Hagrid's pet dog called? Fang
88%
Where did James and Lily Potter live? Godric's Hollow
82%
What was Harry's Patronus? A stag
78%
What was Snape's Patronus? A doe
76%
What creature is Aragog? Acromantula
64%
Which of these people was a Defence Against the Dark Arts teacher at Hogwarts? Amycus Carrow
52%
No matching quizzes found
Score Distribution
Percent of People with Each Score
Percentile by Number Answered
Your Score History
You have not taken this quiz